| 000 | 00475nam a2200193Ia 4500 | ||
|---|---|---|---|
| 003 | GCL | ||
| 008 | 140319s9999 xx 000 0 eng d | ||
| 040 |
_aGCL / _cGCL |
||
| 082 | 0 | 4 |
_a370.01 _bC R |
| 100 | 1 | _aCOHEN, LOUIS | |
| 245 | 1 | 0 |
_aRESEARCH METHODS IN EDUCATION / _cCOHEN, LOUIS |
| 700 | 1 | _aMANION, LAWRENCE | |
| 260 |
_a[S.N] : _bROUTLEDGE |
||
| 300 | _a414 P | ||
| 650 | 0 | 4 | _aCASE STUDIES |
| 650 | 0 | 4 | _aEDUCATION |
| 650 | 0 | 4 | _aRESEARCH METHODS |
| 942 |
_2ddc _cBK |
||
| 999 |
_c10670 _d10670 |
||